[Event "SportAccord MindGames Final Tournament"]
[Site "playchess.com #044013"]
[Date "2011.10.29"]
[Round "6"]
[White "Itachi"]
[Black "LAXMAN"]
[Result "1-0"]
[WhiteElo "2634"]
[BlackElo "2651"]
[PlyCount "105"]
[EventDate "2011.10.29"]
[EventType "tourn (blitz)"]

1. e4 {[%emt 0:00:03]} e5 {[%emt 0:00:01]} 2. Nf3 {[%emt 0:00:01]} Nf6 {[%emt
0:00:01]} 3. Nxe5 {[%emt 0:00:01]} d6 {[%emt 0:00:01]} 4. Nf3 {[%emt 0:00:00]}
Nxe4 {[%emt 0:00:01]} 5. d4 {[%emt 0:00:00]} d5 {[%emt 0:00:01]} 6. Bd3 {[%emt
0:00:00]} Be7 {[%emt 0:00:01]} 7. O-O {[%emt 0:00:06]} Nc6 {[%emt 0:00:01]} 8.
c4 {[%emt 0:00:01]} Nb4 {[%emt 0:00:01]} 9. cxd5 {[%emt 0:00:01]} Nxd3 {[%emt
0:00:01]} 10. Qxd3 {[%emt 0:00:00]} Qxd5 {[%emt 0:00:00]} 11. Re1 {[%emt 0:00:
01]} Bf5 {[%emt 0:00:02]} 12. g4 {[%emt 0:00:01]} Bg6 {[%emt 0:00:15]} 13. Nc3
{[%emt 0:00:02]} Nxc3 {[%emt 0:00:02]} 14. Qxc3 {[%emt 0:00:00]} f6 {[%emt 0:
00:05]} 15. Qxc7 {[%emt 0:00:24]} O-O {[%emt 0:00:05]} 16. Qxe7 {[%emt 0:00:48]
} Qxf3 {[%emt 0:00:05]} 17. Qe2 {[%emt 0:00:02]} Qh3 {[%emt 0:00:09]} 18. f3 {
[%emt 0:00:09]} h5 {[%emt 0:00:03]} 19. Qg2 {[%emt 0:00:07]} hxg4 {[%emt 0:00:
01]} 20. Qxg4 {[%emt 0:00:25]} Qh7 {[%emt 0:00:02]} 21. Bf4 {[%emt 0:00:10]}
Bf5 {[%emt 0:00:03]} 22. Qg3 {[%emt 0:00:08]} g5 {[%emt 0:00:06]} 23. Bd6 {
[%emt 0:00:10]} Rfe8 {[%emt 0:00:01]} 24. Rxe8+ {[%emt 0:00:14]} Rxe8 {[%emt 0:
00:01]} 25. Re1 {[%emt 0:00:01]} Qd7 {[%emt 0:00:11]} 26. Rxe8+ {[%emt 0:00:20]
} Qxe8 {[%emt 0:00:00]} 27. Qf2 {[%emt 0:00:16]} Bh3 {[%emt 0:00:03]} 28. Bg3 {
[%emt 0:00:05]} Qc6 {[%emt 0:00:04]} 29. Qe2 {[%emt 0:00:08]} Be6 {[%emt 0:00:
24] '} 30. b3 {[%emt 0:00:03]} Bd5 {[%emt 0:00:03]} 31. Kf2 {[%emt 0:00:01]}
Kf7 {[%emt 0:00:02]} 32. Qd3 {[%emt 0:00:01]} Kg7 {[%emt 0:00:03]} 33. h4 {
[%emt 0:00:01]} Qc1 {[%emt 0:00:12]} 34. hxg5 {[%emt 0:00:02]} Qxg5 {[%emt 0:
00:02]} 35. Qe3 {[%emt 0:00:03]} Qf5 {[%emt 0:00:05]} 36. Qe7+ {[%emt 0:00:02]}
Kg6 {[%emt 0:00:02]} 37. Qe8+ {[%emt 0:00:02]} Kg7 {[%emt 0:00:03]} 38. Qe7+ {
[%emt 0:00:01]} Kg6 {[%emt 0:00:10]} 39. Qe8+ {[%emt 0:00:01]} Kh7 {[%emt 0:00:
04]} 40. Qe2 {[%emt 0:00:03]} Bc6 {[%emt 0:00:14]} 41. Qe7+ {[%emt 0:00:04]}
Kg6 {[%emt 0:00:01]} 42. Qe2 {[%emt 0:00:02]} a5 {[%emt 0:00:10]} 43. Ke3 {
[%emt 0:00:01]} Kf7 {[%emt 0:00:06]} 44. Kf2 {[%emt 0:00:02]} Bd5 {[%emt 0:00:
06]} 45. Bd6 {[%emt 0:00:01]} Kg6 {[%emt 0:00:04]} 46. Qe8+ {[%emt 0:00:02]}
Kh7 {[%emt 0:00:08]} 47. Qe7+ {[%emt 0:00:02]} Kg6 {[%emt 0:00:01]} 48. Qe8+ {
[%emt 0:00:01]} Kh7 {[%emt 0:00:02]} 49. Qe2 {[%emt 0:00:02]} Kg6 {[%emt 0:00:
11]} 50. Bf8 {[%emt 0:00:02]} Qf4 {[%emt 0:00:05]} 51. Qe8+ {[%emt 0:00:02]}
Kh7 {[%emt 0:00:17]} 52. Qd7+ {[%emt 0:00:05]} Kg8 {[%emt 0:00:08]} 53. Qg7# {
[%emt 0:00:01]} 1-0

[Event "SportAccord MindGames Final Tournament"]
[Site "playchess.com #044013"]
[Date "2011.10.29"]
[Round "6"]
[White "Sourisblanche"]
[Black "Vlad_Artemiev"]
[Result "1/2-1/2"]
[WhiteElo "2662"]
[BlackElo "2900"]
[PlyCount "116"]
[EventDate "2011.10.29"]
[EventType "tourn (blitz)"]

1. e4 {[%emt 0:00:03]} c5 {[%emt 0:00:01]} 2. c3 {[%emt 0:00:03]} d5 {[%emt 0:
00:01]} 3. exd5 {[%emt 0:00:01]} Qxd5 {[%emt 0:00:00]} 4. d4 {[%emt 0:00:01]}
Nf6 {[%emt 0:00:01]} 5. Nf3 {[%emt 0:00:01]} Bg4 {[%emt 0:00:02]} 6. Be2 {
[%emt 0:00:01]} e6 {[%emt 0:00:04]} 7. O-O {[%emt 0:00:01]} Nc6 {[%emt 0:00:07]
} 8. h3 {[%emt 0:00:04]} Bh5 {[%emt 0:00:02]} 9. Be3 {[%emt 0:01:20]} cxd4 {
[%emt 0:00:02]} 10. Nxd4 {[%emt 0:00:01]} Bxe2 {[%emt 0:00:03]} 11. Qxe2 {
[%emt 0:00:01]} Be7 {[%emt 0:00:19]} 12. Rd1 {[%emt 0:00:02]} O-O {[%emt 0:00:
02]} 13. c4 {[%emt 0:00:05]} Nxd4 {[%emt 0:00:15]} 14. Bxd4 {[%emt 0:00:01]}
Qc6 {[%emt 0:00:03]} 15. Nc3 {[%emt 0:00:01]} Rfd8 {[%emt 0:00:01]} 16. Rac1 {
[%emt 0:00:02]} a6 {[%emt 0:00:07]} 17. b3 {[%emt 0:00:03]} Rd7 {[%emt 0:00:08]
} 18. Bxf6 {[%emt 0:00:09]} Bxf6 {[%emt 0:00:10]} 19. Rxd7 {[%emt 0:00:02]}
Qxd7 {[%emt 0:00:00]} 20. Rd1 {[%emt 0:00:01]} Qc7 {[%emt 0:00:03]} 21. Ne4 {
[%emt 0:00:01]} Be7 {[%emt 0:00:02]} 22. Rd3 {[%emt 0:00:07]} Rd8 {[%emt 0:00:
05]} 23. Qd2 {[%emt 0:00:02]} Rxd3 {[%emt 0:00:04]} 24. Qxd3 {[%emt 0:00:01]}
f5 {[%emt 0:00:16]} 25. Nd2 {[%emt 0:00:05]} Bc5 {[%emt 0:00:03]} 26. Nf3 {
[%emt 0:00:03]} Qd6 {[%emt 0:00:17]} 27. Qe2 {[%emt 0:00:03]} h6 {[%emt 0:00:
11]} 28. h4 {[%emt 0:00:07]} g6 {[%emt 0:00:11]} 29. Ne5 {[%emt 0:00:16]} Kg7 {
[%emt 0:00:08]} 30. Nd3 {[%emt 0:00:01]} Bd4 {[%emt 0:00:01]} 31. c5 {[%emt 0:
00:08]} Qc6 {[%emt 0:00:25]} 32. b4 {[%emt 0:00:06]} Kf6 {[%emt 0:00:10]} 33.
h5 {[%emt 0:00:18]} g5 {[%emt 0:00:02]} 34. Ne1 {[%emt 0:00:03]} e5 {[%emt 0:
00:23]} 35. Nf3 {[%emt 0:00:02]} Qd5 {[%emt 0:00:10]} 36. a4 {[%emt 0:00:05]}
Bc3 {[%emt 0:00:03]} 37. b5 {[%emt 0:00:03]} e4 {[%emt 0:00:05]} 38. Nh2 {
[%emt 0:00:04]} a5 {[%emt 0:00:03]} 39. Nf1 {[%emt 0:00:07] .} Qxc5 {[%emt 0:
00:02]} 40. Ne3 {[%emt 0:00:01]} Bd4 {[%emt 0:00:01]} 41. Nc2 {[%emt 0:00:05]}
Ke5 {[%emt 0:00:03]} 42. g3 {[%emt 0:00:03]} Qc3 {[%emt 0:00:03]} 43. Kg2 {
[%emt 0:00:06]} f4 {[%emt 0:00:02]} 44. Nxd4 {[%emt 0:00:04]} Qxd4 {[%emt 0:00:
01]} 45. Qc2 {[%emt 0:00:06]} f3+ {[%emt 0:00:04]} 46. Kg1 {[%emt 0:00:02]} e3
{[%emt 0:00:02]} 47. Qc7+ {[%emt 0:00:02]} Ke6 {[%emt 0:00:01]} 48. Qc8+ {
[%emt 0:00:02]} Ke7 {[%emt 0:00:01]} 49. Qc7+ {[%emt 0:00:01]} Ke6 {[%emt 0:00:
01]} 50. Qc8+ {[%emt 0:00:01]} Kf7 {[%emt 0:00:01]} 51. Qf5+ {[%emt 0:00:02]}
Ke7 {[%emt 0:00:01]} 52. Qxf3 {[%emt 0:00:07]} exf2+ {[%emt 0:00:01]} 53. Qxf2
{[%emt 0:00:01]} Qxa4 {[%emt 0:00:01]} 54. Qc5+ {[%emt 0:00:02]} Kd7 {[%emt 0:
00:01]} 55. Qd5+ {[%emt 0:00:01]} Kc7 {[%emt 0:00:01]} 56. Qc5+ {[%emt 0:00:01]
} Kd7 {[%emt 0:00:01]} 57. Qd5+ {[%emt 0:00:01]} Kc7 {[%emt 0:00:01]} 58. Qc5+
{[%emt 0:00:01]} Kd7 {[%emt 0:00:01]} 1/2-1/2

[Event "SportAccord MindGames Final Tournament"]
[Site "playchess.com #044013"]
[Date "2011.10.29"]
[Round "6"]
[White "ChennaiKramnik"]
[Black "Crg"]
[Result "1-0"]
[WhiteElo "2530"]
[BlackElo "2559"]
[PlyCount "101"]
[EventDate "2011.10.29"]
[EventType "tourn (blitz)"]

1. e4 {[%emt 0:00:03]} e6 {[%emt 0:00:01]} 2. d4 {[%emt 0:00:05]} d5 {[%emt 0:
00:01] ChennaiKramnik reconnected.} 3. Nc3 {[%emt 0:00:02]} Bb4 {[%emt 0:00:04]
} 4. e5 {[%emt 0:00:04]} Qd7 {[%emt 0:00:02]} 5. a3 {[%emt 0:00:04]} Bxc3+ {
[%emt 0:00:02]} 6. bxc3 {[%emt 0:00:01]} b6 {[%emt 0:00:00]} 7. Nf3 {[%emt 0:
00:07]} Ba6 {[%emt 0:00:02] Black restart ok. ChennaiKramnik reconnected.} 8.
Bxa6 {[%emt 0:00:03]} Nxa6 {[%emt 0:00:00] ChennaiKramnik reconnected.} 9. a4 {
[%emt 0:00:08]} Nb8 {[%emt 0:00:08]} 10. Ba3 {[%emt 0:00:06]} Nc6 {[%emt 0:00:
01]} 11. Nd2 {[%emt 0:00:10]} Nge7 {[%emt 0:00:03]} 12. O-O {[%emt 0:00:11]}
O-O {[%emt 0:00:02]} 13. f4 {[%emt 0:00:01]} f5 {[%emt 0:00:15]} 14. exf6 {
[%emt 0:00:01]} Rxf6 {[%emt 0:00:00]} 15. g3 {[%emt 0:00:01]} Nf5 {[%emt 0:00:
01]} 16. Qe2 {[%emt 0:00:03]} Nd6 {[%emt 0:00:01]} 17. Bxd6 {[%emt 0:00:21]}
Qxd6 {[%emt 0:00:00]} 18. Nf3 {[%emt 0:00:05]} Qd7 {[%emt 0:00:19]} 19. c4 {
[%emt 0:00:06]} dxc4 {[%emt 0:00:04]} 20. Qxc4 {[%emt 0:00:02]} Rd8 {[%emt 0:
00:02]} 21. c3 {[%emt 0:00:03]} Qd5 {[%emt 0:00:03]} 22. Qe2 {[%emt 0:00:01]}
Na5 {[%emt 0:00:05]} 23. Ne5 {[%emt 0:00:03]} c5 {[%emt 0:00:02]} 24. Rad1 {
[%emt 0:00:05]} c4 {[%emt 0:00:06]} 25. g4 {[%emt 0:00:16]} Rff8 {[%emt 0:00:
02]} 26. Rf3 {[%emt 0:00:10]} a6 {[%emt 0:00:18]} 27. Rdf1 {[%emt 0:00:08]} b5
{[%emt 0:00:02]} 28. axb5 {[%emt 0:00:01]} axb5 {[%emt 0:00:00]} 29. f5 {[%emt
0:00:01]} b4 {[%emt 0:00:05]} 30. cxb4 {[%emt 0:00:02]} Nb3 {[%emt 0:00:03]}
31. Qxc4 {[%emt 0:00:12]} Nd2 {[%emt 0:00:34]} 32. Qxd5 {[%emt 0:00:08]} Rxd5 {
[%emt 0:00:00]} 33. fxe6 {[%emt 0:00:20]} Nxf1 {[%emt 0:00:27]} 34. e7 {[%emt
0:00:25]} Re8 {[%emt 0:00:03]} 35. Kxf1 {[%emt 0:00:11]} Rxe7 {[%emt 0:00:03]}
36. Rf4 {[%emt 0:00:01]} Rb7 {[%emt 0:00:06]} 37. Nc6 {[%emt 0:00:03]} Rf7 {
[%emt 0:00:19]} 38. Rxf7 {[%emt 0:00:03]} Kxf7 {[%emt 0:00:00]} 39. Ke2 {[%emt
0:00:01]} Ke6 {[%emt 0:00:08]} 40. Kd3 {[%emt 0:00:03]} Rg5 {[%emt 0:00:03]}
41. h3 {[%emt 0:00:01]} h5 {[%emt 0:00:02]} 42. Ne5 {[%emt 0:00:04]} hxg4 {
[%emt 0:00:10]} 43. hxg4 {[%emt 0:00:01]} Kd5 {[%emt 0:00:01]} 44. Ke3 {[%emt
0:00:05]} Rxe5+ {[%emt 0:00:36] '} 45. dxe5 {[%emt 0:00:01]} Kxe5 {[%emt 0:00:
00]} 46. b5 {[%emt 0:00:01]} Kd5 {[%emt 0:00:00]} 47. Kf4 {[%emt 0:00:01]} Kc5
{[%emt 0:00:00]} 48. Kg5 {[%emt 0:00:01]} Kxb5 {[%emt 0:00:01]} 49. Kg6 {[%emt
0:00:01]} Kc6 {[%emt 0:00:00]} 50. Kxg7 {[%emt 0:00:01]} Kd7 {[%emt 0:00:00]}
51. g5 {[%emt 0:00:01] Crg resigns} 1-0

[Event "SportAccord MindGames Final Tournament"]
[Site "playchess.com #044013"]
[Date "2011.10.29"]
[Round "7"]
[White "Vlad_Artemiev"]
[Black "FCChelsea"]
[Result "1-0"]
[WhiteElo "2890"]
[BlackElo "2515"]
[PlyCount "73"]
[EventDate "2011.10.29"]
[EventType "tourn (blitz)"]

1. e4 {[%emt 0:00:02]} c5 {[%emt 0:00:01]} 2. Nf3 {[%emt 0:00:02]} Nc6 {[%emt
0:00:01]} 3. Bb5 {[%emt 0:00:01]} g6 {[%emt 0:00:01]} 4. O-O {[%emt 0:00:01]}
Bg7 {[%emt 0:00:01]} 5. c3 {[%emt 0:00:02]} Nf6 {[%emt 0:00:01]} 6. Re1 {[%emt
0:00:01]} O-O {[%emt 0:00:01]} 7. d4 {[%emt 0:00:01]} cxd4 {[%emt 0:00:01]} 8.
cxd4 {[%emt 0:00:00]} d5 {[%emt 0:00:01]} 9. e5 {[%emt 0:00:02]} Ne4 {[%emt 0:
00:01]} 10. Nc3 {[%emt 0:00:01]} Bf5 {[%emt 0:00:02]} 11. Nh4 {[%emt 0:00:25]}
Nxc3 {[%emt 0:00:02]} 12. bxc3 {[%emt 0:00:01]} Bd7 {[%emt 0:00:01]} 13. Bd3 {
[%emt 0:00:06]} e6 {[%emt 0:00:04]} 14. Nf3 {[%emt 0:00:03]} Qa5 {[%emt 0:00:
04]} 15. Bd2 {[%emt 0:00:02]} Qc7 {[%emt 0:00:05]} 16. h4 {[%emt 0:00:01]} f5 {
[%emt 0:00:12]} 17. h5 {[%emt 0:00:18]} gxh5 {[%emt 0:00:10]} 18. Ng5 {[%emt 0:
00:01]} h6 {[%emt 0:00:06]} 19. Nh3 {[%emt 0:00:01]} Be8 {[%emt 0:00:01]} 20.
Nf4 {[%emt 0:00:02]} Qe7 {[%emt 0:00:09]} 21. Nxh5 {[%emt 0:00:04]} Bxh5 {
[%emt 0:00:03]} 22. Qxh5 {[%emt 0:00:00]} Qf7 {[%emt 0:00:01]} 23. Qh3 {[%emt
0:00:09]} Qg6 {[%emt 0:00:01]} 24. Re3 {[%emt 0:00:02]} Qg4 {[%emt 0:00:05]}
25. Qh2 {[%emt 0:00:03]} Nxd4 {[%emt 0:00:36]} 26. cxd4 {[%emt 0:00:22]} Qxd4 {
[%emt 0:00:01]} 27. Rae1 {[%emt 0:00:16]} Qb2 {[%emt 0:00:03]} 28. Bc1 {[%emt
0:00:07]} Qxa2 {[%emt 0:00:01]} 29. Rg3 {[%emt 0:00:02]} Rf7 {[%emt 0:00:05]}
30. Bxh6 {[%emt 0:00:08]} Rc8 {[%emt 0:00:13]} 31. Qh4 {[%emt 0:00:16]} Qa5 {
[%emt 0:00:10]} 32. Rf1 {[%emt 0:00:17]} Qd8 {[%emt 0:00:01]} 33. Bg5 {[%emt 0:
00:17]} Qc7 {[%emt 0:00:06]} 34. Bf6 {[%emt 0:00:03]} Kf8 {[%emt 0:00:10]} 35.
Be2 {[%emt 0:00:08]} f4 {[%emt 0:00:12]} 36. Rh3 {[%emt 0:00:11]} Qc2 {[%emt 0:
00:13]} 37. Qh8+ {[%emt 0:00:11] FCChelsea resigns} 1-0

[Event "SportAccord MindGames Final Tournament"]
[Site "playchess.com #044013"]
[Date "2011.10.29"]
[Round "7"]
[White "DirtyJoker"]
[Black "Sourisblanche"]
[Result "1/2-1/2"]
[WhiteElo "2603"]
[BlackElo "2673"]
[PlyCount "85"]
[EventDate "2011.10.29"]
[EventType "tourn (blitz)"]

1. d4 {[%emt 0:00:02]} d5 {[%emt 0:00:06]} 2. c4 {[%emt 0:00:02]} c6 {[%emt 0:
00:01]} 3. Nf3 {[%emt 0:00:01]} Nf6 {[%emt 0:00:01]} 4. Nc3 {[%emt 0:00:01]} e6
{[%emt 0:00:01]} 5. g3 {[%emt 0:00:01]} Nbd7 {[%emt 0:00:04]} 6. Bg2 {[%emt 0:
00:03]} dxc4 {[%emt 0:00:01]} 7. O-O {[%emt 0:00:05]} Be7 {[%emt 0:00:01]} 8.
a4 {[%emt 0:00:02]} O-O {[%emt 0:00:02]} 9. Bf4 {[%emt 0:00:01]} Nd5 {[%emt 0:
00:05]} 10. Nd2 {[%emt 0:00:02]} Nxf4 {[%emt 0:00:03]} 11. gxf4 {[%emt 0:00:01]
} Nb6 {[%emt 0:00:16]} 12. a5 {[%emt 0:00:01]} Nd5 {[%emt 0:00:01]} 13. e3 {
[%emt 0:00:01]} c5 {[%emt 0:00:03]} 14. Nxc4 {[%emt 0:00:08]} cxd4 {[%emt 0:00:
02]} 15. Qxd4 {[%emt 0:00:01]} Bf6 {[%emt 0:00:03]} 16. Ne5 {[%emt 0:00:01]}
Nxc3 {[%emt 0:00:30]} 17. Qxc3 {[%emt 0:00:03]} Bd7 {[%emt 0:00:08]} 18. Bxb7 {
[%emt 0:00:04]} Rb8 {[%emt 0:00:04]} 19. a6 {[%emt 0:00:01]} Bb5 {[%emt 0:00:
22]} 20. Rfd1 {[%emt 0:00:05]} Qb6 {[%emt 0:00:07]} 21. Qa5 {[%emt 0:00:03]}
Rxb7 {[%emt 0:00:10]} 22. axb7 {[%emt 0:00:10]} Qxb7 {[%emt 0:00:02]} 23. Qxa7
{[%emt 0:00:01]} Qe4 {[%emt 0:00:04]} 24. Qd4 {[%emt 0:00:04]} Qf5 {[%emt 0:00:
05]} 25. Rac1 {[%emt 0:00:23]} Be2 {[%emt 0:00:26]} 26. Qd2 {[%emt 0:01:13] .}
Bxd1 {[%emt 0:00:36]} 27. Rxd1 {[%emt 0:00:01]} Bxe5 {[%emt 0:00:02]} 28. fxe5
{[%emt 0:00:01]} Qxe5 {[%emt 0:00:01]} 29. Qd4 {[%emt 0:00:01]} Qg5+ {[%emt 0:
00:02]} 30. Kh1 {[%emt 0:00:05]} g6 {[%emt 0:00:01]} 31. b4 {[%emt 0:00:03]}
Rb8 {[%emt 0:00:02]} 32. Rc1 {[%emt 0:00:13]} Qf5 {[%emt 0:00:03]} 33. Kg1 {
[%emt 0:00:04]} Qf3 {[%emt 0:00:02]} 34. b5 {[%emt 0:00:09]} h5 {[%emt 0:00:05]
} 35. b6 {[%emt 0:00:04]} Kh7 {[%emt 0:00:08]} 36. Rc7 {[%emt 0:00:18]} Ra8 {
[%emt 0:00:05]} 37. b7 {[%emt 0:00:08]} Ra2 {[%emt 0:00:02]} 38. e4 {[%emt 0:
00:20]} Qg4+ {[%emt 0:00:06]} 39. Kf1 {[%emt 0:00:02]} Qe2+ {[%emt 0:00:09]}
40. Kg2 {[%emt 0:00:02]} Qg4+ {[%emt 0:00:01]} 41. Kf1 {[%emt 0:00:01]} Qe2+ {
[%emt 0:00:01]} 42. Kg2 {[%emt 0:00:01]} Qg4+ {[%emt 0:00:01]} 43. Kf1 {[%emt
0:00:01]} 1/2-1/2

[Event "SportAccord MindGames Final Tournament"]
[Site "playchess.com #044013"]
[Date "2011.10.29"]
[Round "7"]
[White "Crg"]
[Black "Itachi"]
[Result "1-0"]
[WhiteElo "2541"]
[BlackElo "2652"]
[PlyCount "95"]
[EventDate "2011.10.29"]
[EventType "tourn (blitz)"]

1. d4 {[%emt 0:00:14]} d5 {[%emt 0:00:01]} 2. c4 {[%emt 0:00:04]} dxc4 {[%emt
0:00:00]} 3. e3 {[%emt 0:00:02]} Nf6 {[%emt 0:00:01]} 4. Bxc4 {[%emt 0:00:02]}
e6 {[%emt 0:00:00]} 5. Nf3 {[%emt 0:00:02]} c5 {[%emt 0:00:01]} 6. O-O {[%emt
0:00:01]} Nc6 {[%emt 0:00:01]} 7. Nc3 {[%emt 0:00:01]} Be7 {[%emt 0:00:01]} 8.
a3 {[%emt 0:00:01]} O-O {[%emt 0:00:04]} 9. dxc5 {[%emt 0:00:01]} Bxc5 {[%emt
0:00:15]} 10. b4 {[%emt 0:00:02]} Be7 {[%emt 0:00:10]} 11. Bb2 {[%emt 0:00:03]}
a6 {[%emt 0:00:05]} 12. Qe2 {[%emt 0:00:04]} b5 {[%emt 0:00:02]} 13. Bd3 {
[%emt 0:00:08]} Bb7 {[%emt 0:00:07]} 14. Ne4 {[%emt 0:00:01]} Nd5 {[%emt 0:00:
43]} 15. Rac1 {[%emt 0:00:07]} Rc8 {[%emt 0:00:09]} 16. Rfd1 {[%emt 0:00:04]}
Qb6 {[%emt 0:00:05]} 17. Nc5 {[%emt 0:00:03]} Bxc5 {[%emt 0:00:11]} 18. Rxc5 {
[%emt 0:00:00]} Rfd8 {[%emt 0:00:13]} 19. Ng5 {[%emt 0:00:04]} g6 {[%emt 0:00:
35]} 20. Nxh7 {[%emt 0:00:09]} Nce7 {[%emt 0:00:04]} 21. Bd4 {[%emt 0:00:10]}
Rxc5 {[%emt 0:00:05]} 22. bxc5 {[%emt 0:00:00]} Qa5 {[%emt 0:00:05]} 23. Nf6+ {
[%emt 0:00:10]} Nxf6 {[%emt 0:00:03]} 24. Bxf6 {[%emt 0:00:00]} Qc7 {[%emt 0:
00:07]} 25. Qg4 {[%emt 0:00:10]} Rd5 {[%emt 0:00:01]} 26. e4 {[%emt 0:00:09]}
Rh5 {[%emt 0:00:08]} 27. e5 {[%emt 0:00:08]} Qxc5 {[%emt 0:00:03]} 28. Bxg6 {
[%emt 0:00:20]} fxg6 {[%emt 0:00:27]} 29. Bxe7 {[%emt 0:00:09]} Qc2 {[%emt 0:
00:04]} 30. Rd8+ {[%emt 0:00:14] .} Kf7 {[%emt 0:00:02]} 31. Rd7 {[%emt 0:00:
18]} Qb1+ {[%emt 0:00:02]} 32. Rd1 {[%emt 0:00:02]} Qe4 {[%emt 0:00:01]} 33.
Qxe4 {[%emt 0:00:03]} Bxe4 {[%emt 0:00:00]} 34. Bf6 {[%emt 0:00:01]} Rf5 {
[%emt 0:00:02]} 35. Rd7+ {[%emt 0:00:02]} Ke8 {[%emt 0:00:02]} 36. Re7+ {[%emt
0:00:02]} Kf8 {[%emt 0:00:01]} 37. Rxe6 {[%emt 0:00:02]} Rf4 {[%emt 0:00:03]}
38. Rxa6 {[%emt 0:00:02]} Bd5 {[%emt 0:00:02]} 39. Rb6 {[%emt 0:00:03]} Rc4 {
[%emt 0:00:02]} 40. h4 {[%emt 0:00:03]} Rg4 {[%emt 0:00:02]} 41. g3 {[%emt 0:
00:08]} Re4 {[%emt 0:00:01]} 42. f3 {[%emt 0:00:04]} Re2 {[%emt 0:00:05]} 43.
f4 {[%emt 0:00:12]} Rg2+ {[%emt 0:00:01]} 44. Kf1 {[%emt 0:00:00]} Rxg3 {[%emt
0:00:01]} 45. e6 {[%emt 0:00:01]} Rf3+ {[%emt 0:00:06]} 46. Ke2 {[%emt 0:00:02]
} Bxe6 {[%emt 0:00:04]} 47. Kxf3 {[%emt 0:00:01]} Bd5+ {[%emt 0:00:01]} 48. Ke3
{[%emt 0:00:01] Itachi resigns} 1-0

[Event "SportAccord MindGames Final Tournament"]
[Site "playchess.com #044013"]
[Date "2011.10.29"]
[Round "7"]
[White "Munkhgal"]
[Black "ChennaiKramnik"]
[Result "0-1"]
[WhiteElo "2465"]
[BlackElo "2548"]
[PlyCount "154"]
[EventDate "2011.10.29"]
[EventType "tourn (blitz)"]

1. d4 {[%emt 0:00:02]} Nf6 {[%emt 0:00:01]} 2. c4 {[%emt 0:00:01]} g6 {[%emt 0:
00:00]} 3. Nc3 {[%emt 0:00:01]} Bg7 {[%emt 0:00:00]} 4. e4 {[%emt 0:00:00]} d6
{[%emt 0:00:01]} 5. f3 {[%emt 0:00:00]} O-O {[%emt 0:00:00]} 6. Be3 {[%emt 0:
00:01]} c5 {[%emt 0:00:01]} 7. Nge2 {[%emt 0:00:03]} Nc6 {[%emt 0:00:02]} 8. d5
{[%emt 0:00:01]} Ne5 {[%emt 0:00:01]} 9. Ng3 {[%emt 0:00:00]} h5 {[%emt 0:00:
02]} 10. Be2 {[%emt 0:00:03]} h4 {[%emt 0:00:01]} 11. Nf1 {[%emt 0:00:01]} e6 {
[%emt 0:00:00]} 12. Nd2 {[%emt 0:00:03]} a6 {[%emt 0:00:09]} 13. a4 {[%emt 0:
00:02]} exd5 {[%emt 0:00:07]} 14. cxd5 {[%emt 0:00:02]} Nh7 {[%emt 0:00:09]}
15. f4 {[%emt 0:00:07]} Nd7 {[%emt 0:00:04]} 16. O-O {[%emt 0:00:06]} Re8 {
[%emt 0:00:06]} 17. Bf3 {[%emt 0:00:11]} Bd4 {[%emt 0:00:08]} 18. Bf2 {[%emt 0:
00:28]} Bxf2+ {[%emt 0:00:06]} 19. Rxf2 {[%emt 0:00:02]} g5 {[%emt 0:00:06]}
20. Nc4 {[%emt 0:00:19]} Nb6 {[%emt 0:00:03]} 21. Nxb6 {[%emt 0:00:05]} Qxb6 {
[%emt 0:00:01]} 22. Bg4 {[%emt 0:00:05]} c4 {[%emt 0:00:06]} 23. Bxc8 {[%emt 0:
00:03]} Raxc8 {[%emt 0:00:01]} 24. Qg4 {[%emt 0:00:02]} Kh8 {[%emt 0:00:14]}
25. fxg5 {[%emt 0:00:07]} Rg8 {[%emt 0:00:03]} 26. Raf1 {[%emt 0:00:04]} Rcf8 {
[%emt 0:00:15]} 27. Kh1 {[%emt 0:00:08]} Rxg5 {[%emt 0:00:04]} 28. Qxh4 {[%emt
0:00:01]} Qe3 {[%emt 0:00:09]} 29. Re2 {[%emt 0:00:32]} Qd4 {[%emt 0:00:18]}
30. Ref2 {[%emt 0:00:05]} Qg7 {[%emt 0:00:23]} 31. Nd1 {[%emt 0:00:10]} Qd4 {
[%emt 0:00:27]} 32. Rf3 {[%emt 0:00:27]} f5 {[%emt 0:00:06]} 33. Rh3 {[%emt 0:
00:06]} Rg7 {[%emt 0:00:06]} 34. Ne3 {[%emt 0:00:05]} Qd3 {[%emt 0:00:03]} 35.
Rg1 {[%emt 0:00:06]} Qxe4 {[%emt 0:00:07]} 36. Nxc4 {[%emt 0:00:02]} Qxd5 {
[%emt 0:00:05]} 37. Ne3 {[%emt 0:00:08]} Qe5 {[%emt 0:00:06]} 38. Rf3 {[%emt 0:
00:04]} f4 {[%emt 0:00:02]} 39. Nc4 {[%emt 0:00:05]} Qd4 {[%emt 0:00:07]} 40.
b3 {[%emt 0:00:02]} b5 {[%emt 0:00:01]} 41. axb5 {[%emt 0:00:02]} axb5 {[%emt
0:00:01]} 42. Na5 {[%emt 0:00:02]} Rc7 {[%emt 0:00:10]} 43. h3 {[%emt 0:00:04]}
Qe4 {[%emt 0:00:07]} 44. Rgf1 {[%emt 0:00:03]} Rg7 {[%emt 0:00:03]} 45. Kh2 {
[%emt 0:00:08]} Kg8 {[%emt 0:00:05]} 46. R1f2 {[%emt 0:00:06]} Qe5 {[%emt 0:00:
05]} 47. Nc6 {[%emt 0:00:03]} Qe4 {[%emt 0:00:03]} 48. Na5 {[%emt 0:00:02]}
Rgf7 {[%emt 0:00:04]} 49. Qg4+ {[%emt 0:00:02]} Kh8 {[%emt 0:00:01]} 50. Qh4 {
[%emt 0:00:02]} Rf6 {[%emt 0:00:03]} 51. Qh5 {[%emt 0:00:01]} Rf5 {[%emt 0:00:
01]} 52. Qh4 {[%emt 0:00:02]} R5f7 {[%emt 0:00:02]} 53. Qg4 {[%emt 0:00:01]}
Rf5 {[%emt 0:00:03]} 54. Qh4 {[%emt 0:00:01]} R5f6 {[%emt 0:00:02]} 55. Rd2 {
[%emt 0:00:01]} Qe5 {[%emt 0:00:04]} 56. Qf2 {[%emt 0:00:01]} Rg6 {[%emt 0:00:
01]} 57. Nc6 {[%emt 0:00:01]} Qe4 {[%emt 0:00:01]} 58. Nd4 {[%emt 0:00:01]}
Rfg8 {[%emt 0:00:01]} 59. Qf1 {[%emt 0:00:03]} Qe5 {[%emt 0:00:03]} 60. Nxb5 {
[%emt 0:00:02]} Ng5 {[%emt 0:00:03]} 61. Nc7 {[%emt 0:00:05] .} Nxf3+ {[%emt 0:
00:01]} 62. Qxf3 {[%emt 0:00:00]} Rg3 {[%emt 0:00:01]} 63. Qf1 {[%emt 0:00:05]}
Rxg2+ {[%emt 0:00:02]} 64. Rxg2 {[%emt 0:00:02]} f3+ {[%emt 0:00:01]} 65. Rg3 {
[%emt 0:00:03]} Qxg3+ {[%emt 0:00:01]} 66. Kh1 {[%emt 0:00:01]} Qg2+ {[%emt 0:
00:02]} 67. Qxg2 {[%emt 0:00:01]} Rxg2 {[%emt 0:00:01]} 68. Nd5 {[%emt 0:00:01]
} Rb2 {[%emt 0:00:01]} 69. Ne3 {[%emt 0:00:01]} Rxb3 {[%emt 0:00:01]} 70. Nf1 {
[%emt 0:00:00]} Rb2 {[%emt 0:00:01]} 71. Kg1 {[%emt 0:00:02]} Rg2+ {[%emt 0:00:
01]} 72. Kh1 {[%emt 0:00:00]} d5 {[%emt 0:00:01]} 73. Ne3 {[%emt 0:00:00]} Re2
{[%emt 0:00:02]} 74. Nxd5 {[%emt 0:00:02]} Re1+ {[%emt 0:00:01]} 75. Kh2 {
[%emt 0:00:00]} f2 {[%emt 0:00:01]} 76. Kg2 {[%emt 0:00:00]} f1=Q+ {[%emt 0:00:
01]} 77. Kg3 {[%emt 0:00:00]} Qg1+ {[%emt 0:00:03] Munkhgal resigns} 0-1